| 000 | 00775nmc a2200289 a 4500 | ||
|---|---|---|---|
| 003 | AR-BaBNM | ||
| 005 | 20251128211818.0 | ||
| 008 | 286020s1976 ||||||||||||||000 | spa|| | ||
| 040 | _cAR-BaBNM | ||
| 245 | 1 | 0 |
_aEl ejército de hoy _b[páginas para su historia] |
| 260 |
_aBuenos Aires _bCírculo Militar _c1976 |
||
| 300 | 0 | _a142 p. | |
| 490 | 0 |
_aBiblioteca del Oficial _v685/686/687 |
|
| 650 | 4 | _aMILITARES | |
| 650 | 4 | _aCRISIS POLITICAS | |
| 650 | 4 | _aSUBVERSION EN ARGENTINA | |
| 650 | 4 | _aDESAPARICION DE PERSONAS | |
| 650 | 4 | _aDICTADURA | |
| 650 | 4 | _aHISTORIA MILITAR | |
| 650 | 4 | _aEJERCITOS | |
| 650 | 4 | _aPOLITICA MILITAR | |
| 651 | 4 | _aArgentina | |
| 653 | 0 | _aTERRORISMO DE ESTADO | |
| 710 | 1 | _aArgentina. Ejército | |
| 942 | _cBK | ||
| 998 | _cNancy | ||
| 999 |
_c21228 _d21228 |
||